000 01139nam0a22002531 4500
001 rc\454128
005 20260406195427.0
035 _a(NLR Aleph) 005698954
090 _a7256636
_c7256636
100 _a20030616d1987 |||y0rusy50 ca
101 0 _arus
102 _aRU
105 _aa |||||||||
200 1 _aШКОЛА, семья, общественность
_eОпыт педагогов ЛитССР
_eСб. ст.
_f[ВДНХ СССР], М-во просвещения ЛитССР, Респ. ин-т усоверш. учителей
_gСост. Альбина Малюкявичене
_gОтв. ред. Стасис Урбонас
210 _aКаунас
_cШвиеса
_d1987
215 _a27 с.
_cил.
_d19х20
702 1 _aМалюкявичене
_bА.
_gАльбина
_4220
702 1 _aУрбонас
_bС.
_gСтасис
_4340
712 0 2 _aЛитовский республиканский институт усовершенствования учителей
_cВильнюс
_9413748
_3RU\NLR\AUTH\889958784
801 0 _aRU
_bNLR
_gpsbo
801 1 _aRU
_bELAR
_2rusmarc
852 _aNLR
_j88-4/5763
942 _cBOOK
980 _aNB